| 000 | 00986aaa a2200265 a 4500 | ||
|---|---|---|---|
| 999 |
_c322908 _d322908 |
||
| 003 | BLK | ||
| 005 | 20250718104318.0 | ||
| 008 | 180815b bul||||| |||| 00| 0 bul d | ||
| 020 | _a978-619-165-089-7 | ||
| 040 | _aBLK | ||
| 041 |
_aBUL _cBUL |
||
| 080 |
_aАмериканска литература (на САЩ) _b821.111(73) _x-31 _z821.111(73)-31 |
||
| 100 |
_aКлейпас, София _eпърви автор _91299 |
||
| 139 | _bК 63 | ||
| 245 |
_aЛюбовникът на лейди София _cЛайза Клейпас ; прев. от англ. Дияна Райкова |
||
| 257 | _aUSA | ||
| 260 |
_bЕргон _c2018 _aСофия _fСофия : Инвестпрес |
||
| 300 |
_a296 с. _c20 см |
||
| 380 | _aX | ||
| 490 |
_9201120 _aБиблиотека Любов и Съдба |
||
| 500 | _aОриг. загл. Lady Sofia's lover / Lisa Kleypas | ||
| 765 | _aLady Sofia's lover | ||
| 942 |
_cKNG _2udc _n0 _0102 |
||
| 944 |
_k30530 _lМинев Младен |
||